000
00315nam a22001337a 4500
082
_a
823
_b
CAR/S
100
_a
CARRE, JOHN LE
245
_a
SMILEY'S PEOPLE
246
_a
SMILEY'S PEOPLE
_b
SMILEY'S PEOPLE
260
_a
LONDON
_b
BOOK CLUB ASSOCIATION
_c
1979
300
_a
327
650
_a
ENGLISH FICTION
942
_c
BK
999
_c
9194
_d
9194